Social enterprise conference
En esta sesin̤ expertos discuten sobre la escalabilidad de la innovacin̤ social.
Uloženo v:
| Další autoři: | , , , |
|---|---|
| Médium: | Kniha |
| Jazyk: | angličtina |
| Témata: | |
| On-line přístup: | Social enterprise conference |
| Tagy: |
Přidat tag
Žádné tagy, Buďte první, kdo vytvoří štítek k tomuto záznamu!
|
MARC
| LEADER | 00000nam a22000004a 4500 | ||
|---|---|---|---|
| 001 | vpro3214 | ||
| 005 | 20201223000000.0 | ||
| 008 | 121019s2012 ck # g## #001 0#eng#d | ||
| 020 | |||
| 022 | |||
| 040 | |a CO-BoINGC | ||
| 041 | 0 | |a eng | |
| 245 | 1 | 0 | |a Social enterprise conference |
| 246 | |a Conferencia de empresa social | ||
| 264 | |a Bogot ̀(Colombia) : |b Revista VirtualPRO, |c 2012 | ||
| 520 | 3 | |a En esta sesin̤ expertos discuten sobre la escalabilidad de la innovacin̤ social. | |
| 650 | \ | \ | |a Gestin̤ de proyectos |
| 650 | \ | \ | |a Evaluacin̤ de proyectos |
| 650 | \ | \ | |a Medio ambiente natural |
| 650 | \ | \ | |a Project management |
| 650 | \ | \ | |a Project evaluation |
| 650 | \ | \ | |a Natural environment |
| 650 | \ | \ | |a proyectos de ingeniera̕ |
| 650 | \ | \ | |a medio ambiente |
| 650 | \ | \ | |a impacto ambiental |
| 650 | \ | \ | |a impacto social |
| 650 | \ | \ | |a project management |
| 650 | \ | \ | |a engineering projects |
| 650 | \ | \ | |a environment |
| 650 | \ | \ | |a environmental impact |
| 650 | \ | \ | |a social impact |
| 700 | \ | \ | |a Dorsey Cheryl |
| 700 | \ | \ | |a Klein Matthew |
| 700 | \ | \ | |a Barry Nancy |
| 700 | \ | \ | |a Columbia Business School. |
| 856 | |z Social enterprise conference |u https://virtualpro.unach.elogim.com/biblioteca/conferencia-de-empresa-social | ||